Statistics for Places in the Twilight Saga

Click here to take the quiz!

General Stats

  • This quiz has been taken 94 times
  • The average score is 9 of 14

Answer Stats

HintAnswer% Correct
Town Bella moves toForks
100%
City Bella moves away fromPhoenix
95%
European country where the Volturi resideItaly
90%
City being ravaged by newbornsSeattle
77%
State where Jasper was bornTexas
74%
Brazilian cityRio de Janeiro
73%
State where the Denali coven livesAlaska
64%
City that Renee and Phil move toJacksonville
63%
Bella and Edward's honeymoon destinationIsle Esme
62%
Jacob lives hereLa Push
60%
Name of Bella's schoolForks High School
56%
Town where Bella, Jessica and Angela go to shopPort Angeles
51%
City that Edward is originally fromChicago
32%
In Stephenie Meyer's dream, Bella and Edward were in the...Meadow
28%

Score Distribution

Percentile by Number Answered

Percent of People with Each Score

Your Score History

You have not taken this quiz